| 000 | 01202nam a2200241 i 4500 | ||
|---|---|---|---|
| 001 | 25668 | ||
| 003 | ES-MaACL | ||
| 005 | 20230906153318.0 | ||
| 007 | t| | ||
| 008 | 030102m19221923fr ||||1| fre d | ||
| 245 | 0 | 4 |
_aLes archives du manuel social / _cpubliées sous la direction des P.P.A. Vermeersch et A. Muller. |
| 260 |
_aParis, etc. : _bBureaux de l'Action Populaire, _c1922-1923 ( _eBruges : _fHoudmont Frères) |
||
| 300 |
_a4 fasc. ; _c22 cm. |
||
| 505 | 8 | _aContiene: V. I. Principes de morale sociale -- V. II. L'etat et le problème social. 1. La conception du droit, le milieu social et les tendances de la legislation européenne d'aprés-guerre. 2. Les organismes sociaux officiels en France. 3. Les organismes sociaux officiels en Belgique | |
| 700 | 1 |
_aVermeersch, P. P. A. _9114150 |
|
| 700 | 0 |
_aMüller, A. _984115 |
|
| 740 | 0 | _aPrincipes de morale sociale. | |
| 740 | 2 | _aL'etat et le problème social. | |
| 740 | 3 | _aLa conception du droit, le milieu social et les tendances de la legislation européenne d'après-guerre. | |
| 740 | 4 | _aLes organismes sociaux officiels en France. | |
| 740 | 4 | _aLes organismes sociaux officiels en Belgique. | |
| 852 |
_aES-MaACL _jC-8133-34 |
||
| 999 |
_c25668 _d25668 |
||